Statistics for Analogies #9

Click here to take the quiz!

General Stats

  • This quiz has been taken 24,967 times
    (16,564 since last reset)
  • The average score is 12 of 20

Answer Stats

This is to this ...As ...% Correct
XY is to Man{XX} is to Woman
94%
Calamari is to SquidEscargot is to {Snail}
91%
Adjective is to Noun{Adverb} is to Verb
87%
Felipe is to PhilipPedro is to {Peter}
81%
Donna Summer is to DiscoBob Marley is to {Reggae}
79%
Mandarin is to Beijing{Cantonese} is to Hong Kong
71%
Bonjour is to Au RevoirHola is to {Adios}
69%
Sydney is to CanberraIstanbul is to {Ankara}
69%
Jupiter is to ZeusNeptune is to {Poseidon}
69%
Mosquito is to Malaria{Flea} is to Bubonic Plague
59%
Anthrop is to HumanOrnith is to {Bird}
59%
Beethoven is to MozartLudwig is to {Wolfgang}
58%
Dapper is to DanNervous is to {Nellie}
54%
Lancaster is to York{Montague} is to Capulet
53%
Iodine is to CretinismVitamin C is to {Scurvy}
52%
Species is to GenusPhylum is to {Kingdom}
46%
Edible is to Food{Potable} is to Water
46%
Numismatics is to CoinPhilately is to {Stamp}
41%
Richter is to EarthquakeFujita is to {Tornado}
35%
Baby Got Back is to
Sir Mix-A-Lot
{Fat} {Bottomed} {Girls} is to
Queen
29%

Score Distribution

Percentile by Number Answered

Percent of People with Each Score

Your Score History

You have not taken this quiz since the last reset